Effective leadership and management in nursing / (Record no. 6991)

MARC details
000 -LEADER
fixed length control field 01207cam a2200313 4500
001 - CONTROL NUMBER
control field 8117
005 - DATE AND TIME OF LATEST TRANSACTION
control field 20181127185128.0
010 ## - LIBRARY OF CONGRESS CONTROL NUMBER
LC control number 96021196
020 ## - INTERNATIONAL STANDARD BOOK NUMBER
International Standard Book Number 0805378677
International Standard Book Number 0805378685 (video)
082 00 - DEWEY DECIMAL CLASSIFICATION NUMBER
Classification number 362.1/73/068
Edition number 20
100 1# - MAIN ENTRY--PERSONAL NAME
Personal name Sullivan, Eleanor J.,
Dates associated with a name 1938-
245 10 - TITLE STATEMENT
Title Effective leadership and management in nursing /
Statement of responsibility, etc. Eleanor J. Sullivan, Phillip J. Decker.
250 ## - EDITION STATEMENT
Edition statement 4th ed.
260 ## - PUBLICATION, DISTRIBUTION, ETC.
Place of publication, distribution, etc. Menlo Park, Calif. :
Name of publisher, distributor, etc. Addison-Wesley Nursing,
Date of publication, distribution, etc. c1997.
300 ## - PHYSICAL DESCRIPTION
Extent xvii, 478 p. ;
Dimensions 24 cm. +
Accompanying material 1 videocassette.
500 ## - GENERAL NOTE
General note Includes : Key skills for effective leadership and management student video.
General note Rev. ed. of: Effective management in nursing. 3rd ed. c1992.
504 ## - BIBLIOGRAPHY, ETC. NOTE
Bibliography, etc. note Includes bibliographical references and index.
650 #0 - SUBJECT ADDED ENTRY--TOPICAL TERM
Topical term or geographic name entry element Leadership.
Topical term or geographic name entry element Nursing services
General subdivision Administration.
Topical term or geographic name entry element Nurse Administrators.
Topical term or geographic name entry element Leadership.
Topical term or geographic name entry element Nursing Care
General subdivision organization & administration.
700 1# - ADDED ENTRY--PERSONAL NAME
Personal name Decker, Phillip J.
Personal name Sullivan, Eleanor J.,
Dates associated with a name 1938-
Title of a work Effective management in nursing.
740 02 - ADDED ENTRY--UNCONTROLLED RELATED/ANALYTICAL TITLE
Uncontrolled related/analytical title Key skills for effective leadership and management student video.
Holdings
Withdrawn status Lost status Source of classification or shelving scheme Damaged status Not for loan Collection code Home library Current library Shelving location Date acquired Serial Enumeration / chronology Inventory number Total Checkouts Total Renewals Full call number Barcode Date last seen Date last checked out Price effective from Koha item type
    Dewey Decimal Classification     Main TEST RTC Library RTC Library Main opac 01/03/2021 12286 2 5 362.1 SUL 30011703 28/05/2024 27/07/2022 27/11/2018 Main
Royal Thimphu College || All Right Reserved